| 000 | 00458 a2200169 4500 | ||
|---|---|---|---|
| 003 | OSt | ||
| 005 | 20231207140129.0 | ||
| 008 | 231207b |||||||| |||| 00| 0 eng d | ||
| 020 | _a8189645463 | ||
| 020 | _a8189645803 | ||
| 040 | _coclc | ||
| 082 |
_a959.3 _bSYE/W |
||
| 245 | _aWorld infopaedia. Thailand / | ||
| 260 |
_aNew Delhi: _bPragun publications, _c2007. |
||
| 300 | _a504p | ||
| 942 |
_2ddc _cBK _h959.3 _iSYE/W _k959.3 _mSYE/W |
||
| 999 |
_c43739 _d43739 |
||